| 000 | 00952nam a2200265 a 4500 | ||
|---|---|---|---|
| 001 | BRCA_8105 | ||
| 005 | 20190320210132.0 | ||
| 008 | 080414s1965----fr-a###f##---#000-0#fre-# | ||
| 041 | _afre | ||
| 044 | _afr | ||
| 050 | 4 |
_aNK2190 _b.T79 _c1965 |
|
| 110 | 2 |
_aMusée des Arts Décoratifs _920169 |
|
| 245 | 1 | 0 | _aLes trésors des églises de France |
| 260 |
_aFrance _bCaisse Nationale des Monuments Historiques _c1965 |
||
| 300 |
_aXXXI, 464 p. _bil., (algunas a color) 254 láminas _c21 cm. |
||
| 500 | _aY155 | ||
| 500 | _aDos ejemplares iguales inventariados como un sólo libro | ||
| 500 | _aMaterial inventariado por el Banco de México | ||
| 650 | 1 | 4 |
_aArte cristiano y simbolismos _vExhibiciones _zFrancia _920170 |
| 650 | 1 | 4 |
_aIglesias _vDecoración y ornamentación _zFrancia _920171 |
| 650 | 1 | 4 |
_aArtes decorativas _vIglesias _zFrancia _920172 |
| 710 | 2 |
_aCaisse Nationale des Monuments Historiques _920173 |
|
| 902 | _aGFM | ||
| 942 |
_2lcc _cB |
||
| 999 |
_c7773 _d7773 |
||